Emma
Saved in:
| Main Author: | |
|---|---|
| Format: | Book |
| Language: | English |
| Published: |
Nueva York
Dell Publishing
1959
|
| Subjects: | |
| Tags: |
Add Tag
No Tags, Be the first to tag this record!
|
MARC
| LEADER | 00000nam a2200000 a 4500 | ||
|---|---|---|---|
| 001 | UCQ3770 | ||
| 003 | CL-VaPUC | ||
| 008 | 980828e19590000US |||||||||||||||||eng|d | ||
| 082 | 0 | 4 | |a 823 |b AUS |2 21 |
| 100 | 0 | |a Austen, Jane |e author |9 418012 | |
| 245 | 1 | 0 | |a Emma |
| 300 | |a 447 p | ||
| 942 | |c BK | ||
| 945 | |d 19980828 00:00:00 |a crobeson | ||
| 260 | |a Nueva York |b Dell Publishing |c 1959 | ||
| 650 | 0 | |a Novelas inglesas |9 265220 | |
| 650 | 0 | |a Literatura inglesa |9 312907 | |
| 583 | |a last modification |c 19980828 00:00:00 |k Rodrigo Vera | ||
| 999 | |c 274285 |d 274283 | ||
| 952 | |0 0 |1 0 |4 0 |6 823_000000000000000_AUS_1959 |7 0 |8 A |9 310421 |a BIBEDU |b BIBEDU |d 2019-11-20 |i 145806K |o 823 AUS 1959 |p 145806K |r 2019-11-20 |w 2019-11-20 |y BK |k LIT | ||